Dirāsāt wa-buḥūth fī aḥwāl al-mujtamaʻ al-Miṣrī al- muʻāṣir /

Saved in:
Bibliographic Details
Main Author: Ibrāhīm, ʻAbd al-Wahhāb.
Format: Book
Language:Arabic
Published: [Cairo] : Dār al-Nahḍah al-ʻArabīyah, 1989.
Subjects:
Tags: Add Tag
No Tags, Be the first to tag this record!
LEADER 00952cam a22002655a 4500
001 006681237-2
005 20020606163548.3
008 900410s1989 ua a b 00010 arar
010 |a  89962303  
020 |a 9770405442 :  |c £E5.00 
035 1 |a DCLC89962303B 
040 |a DLC  |c DLC 
043 |a f-ua--- 
050 0 0 |a HC830  |b .I26 1989 
100 1 0 |a Ibrāhīm, ʻAbd al-Wahhāb. 
245 1 0 |a Dirāsāt wa-buḥūth fī aḥwāl al-mujtamaʻ al-Miṣrī al- muʻāṣir /  |c ʻAbd al-Wahhāb Ibrāhīm. 
260 0 |a [Cairo] :  |b Dār al-Nahḍah al-ʻArabīyah,  |c 1989. 
300 |a 230 p., [1] folded leaf :  |b ill. ;  |c 24 cm. 
504 |a Includes bibliographical references (p. [229]-230). 
650 0 |a Industrial productivity  |z Egypt  |x Case studies. 
650 0 |a Unemployment  |z Egypt  |x Case studies. 
650 0 |a Rural development  |z Egypt  |x Case studies. 
651 0 |a Egypt  |x Economic conditions  |y 1952-  |x Case studies. 
988 |a 20020608 
906 |0 DLC